1589 1169 1746 1919 1427 1850 1092 1769 1099 1185 1064 1706 1362 1203 1024 1458 1028 1595 1855 1241 1563 1325 1281 1038 1572 1524 1456 1809 1621 1674 1486 1259 1759 1290 1369 1896 1623 1588 1316 1284 1851 1524 1038 1124 1345 1305 1930 1346 1420 1302 1167 1721 1419 1694 1936 1623 1787 1092 1480 1485 1013 1656 1356 1632 1637 1565 1131 1595 1595 1285 1266 1316 1055 1880 1624 1359 1155 1581 1016 1287 1146 1458 1137 1830 1340 1261 1022 1661 1986 1613 1905 1247 1988 1571 1041 1657 1709 1467 1166 BCNSPRNW ULIB Ver.6.0+V

เปลี่ยนเป็นภาษาไทย

Change to English
 แสดงรายละเอียดบรรณานุกรม
  กลับหน้าหลัก

Brief Record : Get Marc (ISO 2709) : E-mail record : QR code < ปิดหน้าต่าง
LEADER : 00000nam 2200000uu 4500
001    13399128006
003     ULIB
008    020711s2564 th a 000 0 tha d
020    ^a9786169353225
060    ^aWG210^bค695
110    ^aบริษัทกรุงเทพดุสิตเวชการ จำกัด (มหาชน)
245    ^aคู่มือเวชศาสตร์ป้องกันโรคหัวใจ
250    ^aพิมพ์ครั้งที่ 1
260    ^aกรุงเทพฯ :^bบริษัทกรุงเทพดุสิตเวชการ จำกัด (มหาชน),^c2564
300    ^a215 หน้า;^b30 ซม.
650    ^aโรคหัวใจ^xการป้องกัน
945    ^p0^l0^i008587
999    ^aประนอม เกษจรัล
รายการนี้ยังไม่มีแท็ก
คุณยังไม่ได้ล็อกอิน คุณสามารถมีกิจกรรมร่วมกับเว็บไซต์ได้ แต่ต้องล็อกอินก่อน ::
  ล็อกอิน

รายการสื่อสารสนเทศ

ลำดับที่ ประเภท เลขเรียก/บาร์โค้ด สถานที่ สถานะ
1. วิทยาศาสตร์การแพทย์ และสุขภาพ
หนังสือสำรอง
สถานะ=หนังสือสำรอง
WG210 ค695 ฉ.1 
  Barcode: 008587
ห้องสมุดวิทยาเขตสวรรค์ประชารักษ์
►หนังสือทั่วไป
บนชั้น

BibComment


ยังไม่เคยถูกคอมเมนท์

คอมเมนท์ทรัพยากรรายการนี้
  คอมเมนท์: คู่มือเวชศาสตร์ป..


 Copyright 2026. Bcnsprnw @Library